| 000 | 00869nam a2200229 4500 | ||
|---|---|---|---|
| 003 | CO-ViMGA | ||
| 020 | _a9789585911543 | ||
| 040 |
_aCO-ViMGA _bspa _cCO-ViMGA |
||
| 090 | _aC RAY1 | ||
| 100 | 1 |
_aRaymond-Garcia, Régine _97823 |
|
| 245 | 1 | 0 |
_aÁrboles en el camino / _cRégine Raymond-García ; ilustraciones de Vanina Starkoff ; de la traducción del francés Pilar Ferriz" |
| 260 |
_aBogotá : _bLiber, |
||
| 300 |
_a[32] páginas sin numerar : _bil. , color ; 24 cm. |
||
| 490 | _aPlan Nacional de Lectura y Escritura Leer es mi Cuento / Ministerio de Cultura | ||
| 500 | _aDe 6 A 8 Años | ||
| 650 | 1 | 4 |
_aAventuras En La Literatura _97824 |
| 650 | 1 | 4 |
_aCuentos Infantiles Franceses _ySiglo Xx _97804 |
| 650 | 1 | 4 |
_aLiteratura Infantil Francesa _ySiglo Xx _97805 |
| 700 | 1 |
_aFerriz, Pilar, _etr. _97826 |
|
| 700 | 1 |
_aStarkoff, Vanina, _eil. _97825 |
|
| 942 |
_2ddc _cBK |
||
| 999 |
_c7742 _d7742 |
||